Asbestos repair/disposal: how to do it by the book (Record no. 66511)
[ view plain ]
| 000 -LEADER | |
|---|---|
| fixed length control field | 01231cam a2200241 4500 |
| 001 - CONTROL NUMBER | |
| control field | ABS63776 |
| 008 - FIXED-LENGTH DATA ELEMENTS--GENERAL INFORMATION | |
| fixed length control field | 000000n2001 000 0 eng u |
| 035 ## - SYSTEM CONTROL NUMBER | |
| System control number | (Sirsi) u111620 |
| 100 ## - MAIN ENTRY--PERSONAL NAME | |
| Personal name | Lockhead, G. |
| 245 ## - TITLE STATEMENT | |
| Title | Asbestos repair/disposal: how to do it by the book |
| 260 ## - PUBLICATION, DISTRIBUTION, ETC. | |
| Date of publication, distribution, etc. | 2001 |
| 490 ## - SERIES STATEMENT | |
| Series statement | Farmers' Weekly |
| Volume/sequential designation | 134(11) 16 March 2001, 86(1) |
| 520 ## - SUMMARY, ETC. | |
| Summary, etc. | Considers the Asbestos (Prohibitions) (Amendments) Regulations, introduced in November 1999, which banned the sale of all asbestos products within the UK. Looks at the implications for asbestos cement, once widely used in farm buildings. The ban does not extend to asbestos cement in existing buildings, but does affect the repair, maintenance and demolition of buildings where it was used. Offers practical advice on how to deal appropriately with repairs, and the disposal of asbestos products. Also considers the cost of removing asbestos waste. |
| 590 ## - LOCAL NOTE (RLIN) | |
| Local note | ABS |
| 650 ## - SUBJECT ADDED ENTRY--TOPICAL TERM | |
| Topical term or geographic name entry element | MANAGEMENT-HEALTH AND SAFETY-HAZARDOUS SUBSTANCES-ASBESTOS |
| 650 ## - SUBJECT ADDED ENTRY--TOPICAL TERM | |
| Topical term or geographic name entry element | ASBESTOS CEMENT |
| 650 ## - SUBJECT ADDED ENTRY--TOPICAL TERM | |
| Topical term or geographic name entry element | ASBESTOS (PROHIBITIONS) (AMENDMENT) REGULATIONS 1999 |
| 650 ## - SUBJECT ADDED ENTRY--TOPICAL TERM | |
| Topical term or geographic name entry element | DISPOSAL |
| 650 ## - SUBJECT ADDED ENTRY--TOPICAL TERM | |
| Topical term or geographic name entry element | REPAIRS |
| 650 ## - SUBJECT ADDED ENTRY--TOPICAL TERM | |
| Topical term or geographic name entry element | FARM BUILDINGS |
| 690 ## - LOCAL SUBJECT ADDED ENTRY--TOPICAL TERM (OCLC, RLIN) | |
| Topical term or geographic name as entry element | RURAL |
| 9 (RLIN) | 6268 |
| 942 ## - ADDED ENTRY ELEMENTS (KOHA) | |
| Suppress in OPAC | 0 |
| Withdrawn status | Lost status | Source of classification or shelving scheme | Damaged status | Not for loan | Home library | Current library | Shelving location | Date acquired | Total Checkouts | Full call number | Barcode | Date last seen | Copy number | Price effective from | Koha item type |
|---|---|---|---|---|---|---|---|---|---|---|---|---|---|---|---|
| Dewey Decimal Classification | London | London | Journal article | 23/03/2001 | ABS63776 | 111620-1001 | 06/08/2019 | 1 | 06/08/2019 | Journal article |